000 00509 a2200181 4500
999 _c182943
_d182943
005 20211210151005.0
010 _aENG-130283
020 _c150.00
_a978-93-84401-97-9
035 _aEN-113815
037 _bDBAD / PUB
082 _a158.1
100 _aCarnegie, Dale
245 _aHow to Win Friends And Influence People:
_cDale Carnegie
260 _bPigeon Books India
_c2018
270 _mpigeonbooks@yahoo.com
300 _a254p.
_c18cm (pbk)
942 _adpl
_cEN
_2ddc
_h158.1
_mCAR